=LDR 00000nam 2200000 4500 =001 INLIS000000000046782 =005 20150511110821.0 =006 =007 =008 =035 ##$$0010-051500000000041 =082 ##$$a 372.350 76 =090 ##$$a 372.350 tim e =100 ##$$a tim bkg =245 ##$$a fokus un sd/mi 2013 =260 ##$$a erlangga =300 ##$$a 129 hlm. =850 ##$$a NPBMAT =990 ##$$a 0001/BPAP-NTB/20142015